[Event "Stuttgart-chA int"]
[Site "Ditzingen"]
[Date "2018.05.11"]
[Round "3"]
[White "Fischer, Daniel2222"]
[Black "Dreyer, Andre"]
[Result "1/2-1/2"]
[WhiteElo "2004"]
[BlackElo "1905"]
[PlyCount "40"]
[EventDate "2018.05.10"]
[EventType "swiss"]
[EventRounds "7"]
[EventCountry "GER"]
[SourceTitle "EXT 2020"]
[Source "ChessBase"]
[SourceDate "2019.10.17"]
[SourceVersion "1"]
[SourceVersionDate "2019.10.17"]
[SourceQuality "1"]

1. Nf3 Nf6 2. c4 e6 3. g3 d5 4. b3 Be7 5. Bg2 0-0 6. 0-0 c5 7. e3 Nc6 8. Bb2 b6 9. Nc3 Bb7 10. cxd5 Nxd5 11. Nxd5 Qxd5 12. d4 Na5 13. dxc5 Bxc5 14. Qe2 Rfd8 15. Rac1 Qd3 16. Qxd3 Rxd3 17. Rfd1 Rxd1+ 18. Rxd1 Kf8 19. Bc3 Be7 20. Ne5 Bxg2 1/2-1/2

[Event "Stuttgart-chB int"]
[Site "Ditzingen"]
[Date "2016.05.08"]
[Round "7"]
[White "Shahisavandi, Abdollah"]
[Black "Dreyer, Andre"]
[Result "1-0"]
[WhiteElo "1848"]
[BlackElo "1855"]
[PlyCount "117"]
[EventDate "2016.05.05"]
[EventType "swiss"]
[EventRounds "7"]
[EventCountry "GER"]
[SourceTitle "EXT 2018"]
[Source "ChessBase"]
[SourceDate "2017.10.13"]
[SourceVersion "1"]
[SourceVersionDate "2017.10.13"]
[SourceQuality "1"]

1. d4 Nf6 2. Bf4 d5 3. e3 c5 4. Nf3 Nc6 5. c3 Qb6 6. Qc2 Bf5 7. dxc5 Bxc2 8. cxb6 axb6 9. Na3 Bf5 10. Nb5 Rc8 11. Bc7 Nd7 12. 0-0-0 e6 13. Bd3 Bxd3 14. Rxd3 Nc5 15. Rdd1 Ne4 16. Rhf1 Na7 17. Nxa7 Rxc7 18. Nb5 Rc5 19. a4 Nd6 20. Nfd4 Nxb5 21. Nxb5 Be7 22. Rd2 f5 23. Rfd1 Kf7 24. Kc2 g5 25. f3 h5 26. e4 dxe4 27. fxe4 Kf6 28. exf5 exf5 29. Rd7 Re5 30. Rxb7 Bc5 31. b4 Bf2 32. Nd4 Bxd4 33. Rxd4 Re2+ 34. Rd2 Re6 35. Rbd7 Ra8 36. Kb3 Rae8 37. R7d6 h4 38. b5 g4 39. Kb4 h3 40. gxh3 gxh3 41. Rxe6+ Rxe6 42. Rd3 f4 43. Rxh3 Re3 44. Rh8 f3 45. Rf8+ Ke5 46. Kb3 Ke4 47. a5 bxa5 48. b6 a4+ 49. Kc4 a3 50. b7 a2 51. Ra8 f2 52. Re8+ Kf3 53. Rf8+ Ke4 54. b8Q Rxc3+ 55. Kb4 a1Q 56. Qf4+ Kd5 57. Rd8+ Ke6 58. Rd6+ Ke7 59. Qf6+ 1-0

[Event "Stuttgart-chB op"]
[Site "Ditzingen"]
[Date "2015.05.15"]
[Round "3"]
[White "Baelz, Juergen"]
[Black "Dreyer, Andre"]
[Result "1-0"]
[WhiteElo "1802"]
[BlackElo "1891"]
[PlyCount "67"]
[EventDate "2015.05.17"]
[EventType "swiss"]
[EventRounds "7"]
[EventCountry "GER"]
[SourceTitle "EXT 2018"]
[Source "ChessBase"]
[SourceDate "2017.10.13"]
[SourceVersion "1"]
[SourceVersionDate "2017.10.13"]
[SourceQuality "1"]

1. Nf3 d5 2. d4 Nf6 3. c4 e6 4. g3 c6 5. Bg2 dxc4 6. Ne5 Bb4+ 7. Bd2 Qxd4 8. Bxb4 Qxe5 9. 0-0 Nd5 10. Qd2 Nxb4 11. Qxb4 a5 12. Qxc4 Qxb2 13. Nc3 Qb4 14. Qd3 0-0 15. Rab1 Qe7 16. a4 Na6 17. Rfc1 Rd8 18. Qe3 Nb4 19. Ne4 e5 20. Nd2 Bf5 21. Rb2 Rd7 22. h4 Rad8 23. Nc4 Rd1+ 24. Rxd1 Rxd1+ 25. Kh2 b5 26. Nxa5 bxa4 27. Bxc6 Nxc6 28. Nxc6 Qc7 29. Rb8+ Bc8 30. Rxc8+ Qxc8 31. Ne7+ Kf8 32. Nxc8 f6 33. Qa3+ Kf7 34. Qxa4 1-0

[Event "Wuerttemberg-ch KT"]
[Site "Bisingen"]
[Date "2013.09.07"]
[Round "8"]
[White "Dreyer, Andre"]
[Black "Canzek, Zlatko"]
[Result "1-0"]
[WhiteElo "1916"]
[BlackElo "1832"]
[PlyCount "54"]
[EventDate "2013.08.31"]
[EventType "swiss"]
[EventRounds "9"]
[EventCountry "GER"]
[SourceTitle "EXT 2017"]
[Source "ChessBase"]
[SourceDate "2016.10.25"]
[SourceVersion "1"]
[SourceVersionDate "2016.10.25"]
[SourceQuality "1"]

1. d4 Nf6 2. c4 c5 3. Nf3 d6 4. Nc3 Bg4 5. dxc5 Bxf3 6. exf3 dxc5 7. Qxd8+ Kxd8 8. Be3 Nbd7 9. 0-0-0 Kc7 10. Ne4 e6 11. Ng5 Ne5 12. Bf4 Nfd7 13. Nxf7 Rg8 14. Nxe5 Bd6 15. Nd3 e5 16. Be3 g5 17. Be2 Rae8 18. b3 b6 19. Nb2 Nf8 20. Na4 Ne6 21. Nc3 Nd4 22. Bd3 Rg7 23. Bxd4 cxd4 24. Nb5+ Kc6 25. Be4+ Kc5 26. Bd5 a5 27. Nxd6 Kxd6 1-0

[Event "Wuerttemberg-ch KT"]
[Site "Bisingen"]
[Date "2013.09.06"]
[Round "7"]
[White "Schwerteck, Michael"]
[Black "Dreyer, Andre"]
[Result "1/2-1/2"]
[WhiteElo "2088"]
[BlackElo "1916"]
[PlyCount "40"]
[EventDate "2013.08.31"]
[EventType "swiss"]
[EventRounds "9"]
[EventCountry "GER"]
[SourceTitle "EXT 2017"]
[Source "ChessBase"]
[SourceDate "2016.10.25"]
[SourceVersion "1"]
[SourceVersionDate "2016.10.25"]
[SourceQuality "1"]

1. d4 Nf6 2. c4 e6 3. g3 d5 4. Bg2 c6 5. Nf3 dxc4 6. Ne5 Bb4+ 7. Nc3 Nd5 8. Bd2 b5 9. a4 Bxc3 10. bxc3 a6 11. e4 Nf6 12. 0-0 Bb7 13. Qb1 Qc8 14. Qb4 Nbd7 15. Nxd7 Nxd7 16. Rfb1 f6 17. Qd6 Kf7 18. d5 Re8 19. axb5 cxb5 20. Be3 Nf8 1/2-1/2

[Event "Wuerttemberg-chA"]
[Site "Balingen"]
[Date "2006.09.01"]
[Round "7"]
[White "Dreyer, Andre"]
[Black "Heinl, Thomas"]
[Result "0-1"]
[WhiteElo "1995"]
[BlackElo "2215"]
[PlyCount "60"]
[EventDate "2006.08.26"]
[EventType "swiss"]
[EventRounds "9"]
[EventCountry "GER"]
[SourceTitle "EXT 2007"]
[Source "ChessBase"]
[SourceDate "2006.11.23"]
[SourceVersion "1"]
[SourceVersionDate "2006.11.23"]
[SourceQuality "1"]

1. e4 e5 2. Nf3 Nc6 3. Bb5 d6 4. d4 Bd7 5. 0-0 Nf6 6. Nc3 exd4 7. Nxd4 Be7 8. Re1 0-0 9. Nxc6 bxc6 10. Bc4 Ng4 11. Bf4 Bf6 12. Qd2 Qb8 13. Nd1 Ne5 14. Bxe5 Bxe5 15. c3 Qb6 16. Qe3 Rfe8 17. Qxb6 axb6 18. Ne3 b5 19. Bb3 Bf6 20. f3 b4 21. Rac1 bxc3 22. bxc3 Ra5 23. Re2 Rc5 24. c4 d5 25. Rd1 d4 26. Nc2 Be6 27. Nxd4 Bxc4 28. Bxc4 Rxc4 29. Red2 Bg5 30. Rc2 Rxd4 0-1

[Event "Wuerttemberg-chA"]
[Site "Balingen"]
[Date "2006.08.31"]
[Round "6"]
[White "Sand, Rolf"]
[Black "Dreyer, Andre"]
[Result "1-0"]
[WhiteElo "2092"]
[BlackElo "1995"]
[PlyCount "69"]
[EventDate "2006.08.26"]
[EventType "swiss"]
[EventRounds "9"]
[EventCountry "GER"]
[SourceTitle "EXT 2007"]
[Source "ChessBase"]
[SourceDate "2006.11.23"]
[SourceVersion "1"]
[SourceVersionDate "2006.11.23"]
[SourceQuality "1"]

1. e4 d5 2. exd5 Nf6 3. d4 Nxd5 4. Nf3 g6 5. c4 Nb6 6. Nc3 Bg7 7. c5 Nd5 8. Bc4 c6 9. 0-0 0-0 10. Re1 Nxc3 11. bxc3 b5 12. Bb3 Nd7 13. Bg5 Bf6 14. Bh6 Re8 15. Ng5 e6 16. Ne4 Qe7 17. Qf3 Bb7 18. Nd6 Reb8 19. Nxb7 Rxb7 20. Qxc6 Nxc5 21. Qxc5 Qxc5 22. dxc5 Bxc3 23. Bf4 Bxa1 24. Rxa1 Rc8 25. Rc1 Rd7 26. c6 Rd4 27. Be5 Re4 28. f4 g5 29. g3 gxf4 30. gxf4 a5 31. c7 a4 32. Bd1 f6 33. Bf3 Re3 34. Bb7 fxe5 35. Bxc8 1-0

[Event "Wuerttemberg-chA"]
[Site "Balingen"]
[Date "2006.08.30"]
[Round "5"]
[White "Haist, Winfried"]
[Black "Dreyer, Andre"]
[Result "1/2-1/2"]
[WhiteElo "2181"]
[BlackElo "1995"]
[PlyCount "165"]
[EventDate "2006.08.26"]
[EventType "swiss"]
[EventRounds "9"]
[EventCountry "GER"]
[SourceTitle "EXT 2007"]
[Source "ChessBase"]
[SourceDate "2006.11.23"]
[SourceVersion "1"]
[SourceVersionDate "2006.11.23"]
[SourceQuality "1"]

1. e4 d5 2. exd5 Nf6 3. Bc4 Nxd5 4. Qf3 e6 5. Ne2 Nc6 6. d4 Ndb4 7. Na3 Nxd4 8. Nxd4 Qxd4 9. 0-0 Qf6 10. Qe4 Bd6 11. Bb5+ c6 12. Nc4 Bc7 13. Ba4 Nd5 14. Re1 0-0 15. c3 Qg6 16. Qe2 Nf4 17. Bxf4 Bxf4 18. Bc2 Qh6 19. g3 Bc7 20. Rad1 b5 21. Rd4 g6 22. Ne3 e5 23. Rh4 Qg7 24. Qf3 Bd7 25. Be4 Bd8 26. Rd1 f5 27. Rxd7 Qxd7 28. Bxc6 Qc8 29. Qd5+ Kg7 30. Bxa8 Bxh4 31. Bb7 Qd8 32. gxh4 Qxh4 33. Qxe5+ Qf6 34. Qxf6+ Kxf6 35. Bc6 Rb8 36. f4 Ke6 37. Kf2 Rb6 38. Bd5+ Kd6 39. Kf3 Rb8 40. h4 Re8 41. Bb3 Kc5 42. Nc2 a5 43. Bf7 Re7 44. b4+ axb4 45. cxb4+ Kb6 46. Bd5 Rc7 47. Ne3 Re7 48. Ke2 Kc7 49. Kd3 Kd6 50. Bg8 Rg7 51. Bb3 Re7 52. Nd5 Re4 53. a3 Kc6 54. Bd1 Re1 55. Bf3 Rf1 56. Ke2 Rxf3 57. Ne7+ Kd7 58. Kxf3 Kxe7 59. Ke3 Kd6 60. Kd4 h6 61. Kc3 Kd5 62. Kb3 Ke4 63. a4 bxa4+ 64. Kxa4 g5 65. fxg5 hxg5 66. hxg5 f4 67. g6 f3 68. g7 f2 69. g8Q f1Q 70. Qe6+ Kd4 71. Ka5 Qa1+ 72. Kb6 Qa8 73. Qd6+ Kc3 74. b5 Kb3 75. Qc6 Qb8+ 76. Qb7 Qd6+ 77. Ka7 Qc5+ 78. b6 Kb4 79. Ka8 Kb5 80. Qd7+ Kxb6 81. Qb7+ Ka5 82. Qa7+ Qxa7+ 83. Kxa7 1/2-1/2

[Event "Wuerttemberg-chA"]
[Site "Balingen"]
[Date "2006.08.27"]
[Round "2"]
[White "Dreyer, Andre"]
[Black "Hallmann, Norbert"]
[Result "0-1"]
[WhiteElo "1995"]
[BlackElo "2180"]
[PlyCount "68"]
[EventDate "2006.08.26"]
[EventType "swiss"]
[EventRounds "9"]
[EventCountry "GER"]
[SourceTitle "EXT 2007"]
[Source "ChessBase"]
[SourceDate "2006.11.23"]
[SourceVersion "1"]
[SourceVersionDate "2006.11.23"]
[SourceQuality "1"]

1. d4 Nf6 2. c4 e6 3. Nc3 Bb4 4. Bg5 d5 5. e3 Nbd7 6. Nf3 c5 7. Qc2 Qa5 8. Bxf6 Nxf6 9. Nd2 cxd4 10. exd4 0-0 11. Be2 Bd7 12. 0-0 Qc7 13. Rac1 Rac8 14. a3 Bd6 15. g3 b6 16. b4 e5 17. Qd3 Bh3 18. Rfd1 dxc4 19. Nxc4 Qe7 20. Nxd6 Qxd6 21. dxe5 Qxe5 22. Bf3 Rfe8 23. Ne2 h6 24. Rxc8 Rxc8 25. Qd4 Qxd4 26. Nxd4 Rc3 27. Bg2 Bxg2 28. Kxg2 Rxa3 29. Nb5 Ra2 30. Rd8+ Kh7 31. Nd6 Ng4 32. Nxf7 Rxf2+ 33. Kh3 h5 34. Ng5+ Kg6 0-1

[Event "Stuttgart-chA int"]
[Site "Ditzingen"]
[Date "2006.05.27"]
[Round "6"]
[White "Dreyer, Andre"]
[Black "Ellinger, Harald"]
[Result "1/2-1/2"]
[WhiteElo "2003"]
[BlackElo "1769"]
[PlyCount "123"]
[EventDate "2006.05.25"]
[EventType "swiss"]
[EventRounds "7"]
[EventCountry "GER"]
[SourceTitle "EXT 2018"]
[Source "ChessBase"]
[SourceDate "2017.10.13"]
[SourceVersion "1"]
[SourceVersionDate "2017.10.13"]
[SourceQuality "1"]

1. d4 d5 2. c4 e6 3. Nc3 Nf6 4. Bg5 Be7 5. e3 c6 6. Nf3 Nbd7 7. Qc2 0-0 8. a3 Re8 9. h3 Nf8 10. Ne5 N6d7 11. Bxe7 Qxe7 12. Nxd7 Bxd7 13. Bd3 a6 14. cxd5 cxd5 15. 0-0 Rac8 16. Rfc1 Qh4 17. f4 Rc6 18. Qf2 Qxf2+ 19. Kxf2 Rec8 20. Ke2 f5 21. Kd2 R6c7 22. Na2 Rxc1 23. Rxc1 Rxc1 24. Nxc1 Kf7 25. Nb3 Ke7 26. Nc5 Bc6 27. Kc3 Kd6 28. Kb4 Kc7 29. Be2 Kb6 30. Bh5 g6 31. Be2 a5+ 32. Kc3 Kc7 33. b4 axb4+ 34. Kxb4 b6 35. Nd3 Nd7 36. Ne1 Nf6 37. Bf3 Bb7 38. Kb5 Bc6+ 39. Kb4 Bb7 40. Kb5 Bc6+ 41. Kb4 Bb7 42. Be2 Ne4 43. Nf3 h6 44. Bd3 Nf2 45. Bb5 Nd1 46. Ne5 Nxe3 47. g3 g5 48. fxg5 hxg5 49. h4 f4 50. hxg5 fxg3 51. g6 g2 52. Nf3 Nf5 53. Bd3 Ng7 54. Kc3 Kd6 55. Kd2 e5 56. dxe5+ Ke6 57. Ke1 g1Q+ 58. Nxg1 Kxe5 59. Nf3+ Kf6 60. Kd2 Bc6 61. Nh4 Be8 62. Kc3 1/2-1/2

[Event "Stuttgart-chA int"]
[Site "Ditzingen"]
[Date "2006.05.26"]
[Round "3"]
[White "Rau, Juergen"]
[Black "Dreyer, Andre"]
[Result "1/2-1/2"]
[WhiteElo "2164"]
[BlackElo "2003"]
[PlyCount "28"]
[EventDate "2006.05.25"]
[EventType "swiss"]
[EventRounds "7"]
[EventCountry "GER"]
[SourceTitle "EXT 2018"]
[Source "ChessBase"]
[SourceDate "2017.10.13"]
[SourceVersion "1"]
[SourceVersionDate "2017.10.13"]
[SourceQuality "1"]

1. e4 d5 2. exd5 Nf6 3. d4 Nxd5 4. c4 Nb6 5. Nf3 g6 6. h3 Bg7 7. Nc3 0-0 8. Be2 Nc6 9. Be3 e5 10. d5 Ne7 11. 0-0 Nf5 12. Bg5 f6 13. Bd2 Re8 14. Ne4 Nd6 1/2-1/2

[Event "Stuttgart-chA int"]
[Site "Ditzingen"]
[Date "2005.05.06"]
[Round "3"]
[White "Dreyer, Andre"]
[Black "Muench, Werner"]
[Result "1-0"]
[WhiteElo "2032"]
[BlackElo "1894"]
[PlyCount "63"]
[EventDate "2005.05.05"]
[EventType "swiss"]
[EventRounds "7"]
[EventCountry "GER"]
[SourceTitle "EXT 2018"]
[Source "ChessBase"]
[SourceDate "2017.10.13"]
[SourceVersion "1"]
[SourceVersionDate "2017.10.13"]
[SourceQuality "1"]

1. d4 d5 2. Nf3 Nf6 3. c4 c6 4. cxd5 cxd5 5. Nc3 Nc6 6. Bf4 a6 7. e3 e6 8. Rc1 Bd6 9. Bxd6 Qxd6 10. Bd3 Bd7 11. 0-0 0-0 12. a3 Rac8 13. Na4 Rc7 14. Nc5 Rfc8 15. Rc3 Nb8 16. Qb3 Bc6 17. Rfc1 Nbd7 18. Qb4 Nxc5 19. Qxc5 Qxc5 20. Rxc5 Nd7 21. R5c3 f6 22. b4 Nb6 23. Nd2 Kf7 24. Nb3 Ke7 25. Na5 Kd6 26. Bxh7 f5 27. Bg6 Na4 28. R3c2 b6 29. Rxc6+ Rxc6 30. Rxc6+ Rxc6 31. Nxc6 Kxc6 32. Be8+ 1-0

[Event "Augsburg Afro op"]
[Site "Augsburg"]
[Date "1997.??.??"]
[Round "3"]
[White "Dreyer, Andre"]
[Black "Bussjaeger, Johann"]
[Result "1-0"]
[WhiteElo "2160"]
[BlackElo "1770"]
[PlyCount "79"]
[EventDate "1997.??.??"]
[EventType "swiss"]
[EventRounds "7"]
[EventCountry "GER"]
[SourceTitle "EXT 2006"]
[Source "ChessBase"]
[SourceDate "2005.11.24"]
[SourceVersion "1"]
[SourceVersionDate "2005.11.24"]
[SourceQuality "1"]

1. d4 d5 2. c4 e6 3. Nc3 Nf6 4. Bg5 Be7 5. e3 Nbd7 6. cxd5 exd5 7. Qc2 0-0 8. Bd3 h6 9. Bh4 c6 10. Nge2 Re8 11. 0-0-0 b5 12. f3 Nb6 13. Bf2 a5 14. g4 a4 15. h4 b4 16. Nb1 Bxg4 17. fxg4 Nxg4 18. Bh7+ Kh8 19. Rdf1 Nxf2 20. Rxf2 Bxh4 21. Rxf7 Bg5 22. Qg6 Bxe3+ 23. Kd1 Qg5 24. Qxg5 Bxg5 25. Bd3 Nc4 26. Bxc4 dxc4 27. Nd2 Bxd2 28. Kxd2 Rf8 29. Rhf1 Kg8 30. Rxf8+ Rxf8 31. Rc1 a3 32. bxa3 bxa3 33. Rxc4 Rb8 34. Rxc6 Rb2+ 35. Rc2 g5 36. Rxb2 axb2 37. Kc2 h5 38. a4 g4 39. a5 h4 40. a6 1-0

[Event "Tuebingen-ch 55th"]
[Site "Tuebingen"]
[Date "1996.??.??"]
[Round "?"]
[White "Dreyer, Andre"]
[Black "Foell, Thomas"]
[Result "1/2-1/2"]
[WhiteElo "1930"]
[BlackElo "1885"]
[PlyCount "38"]
[EventDate "1996.??.??"]
[EventType "swiss"]
[EventRounds "9"]
[EventCountry "GER"]
[SourceTitle "EXT 1999"]
[Source "ChessBase"]
[SourceDate "1998.11.16"]
[SourceVersion "1"]
[SourceVersionDate "1998.11.16"]
[SourceQuality "1"]

1. d4 d6 2. e4 Nf6 3. f3 g6 4. Be3 Bg7 5. c4 0-0 6. Nc3 e5 7. d5 Nh5 8. g4 Nf4 9. Qd2 Qh4+ 10. Bf2 Qe7 11. Nge2 Nxe2 12. Bxe2 f5 13. gxf5 gxf5 14. Bd3 f4 15. 0-0-0 Bh3 16. Bf1 Bxf1 17. Rdxf1 a6 18. b3 Nd7 19. Rfg1 Kh8 1/2-1/2

[Event "Balatonalmadi op-A"]
[Site "Balatonalmadi"]
[Date "1996.??.??"]
[Round "3"]
[White "Dreyer, Andre"]
[Black "Forgacs, Jozsef"]
[Result "0-1"]
[WhiteElo "2005"]
[BlackElo "2290"]
[PlyCount "70"]
[EventDate "1996.08.??"]
[EventType "swiss"]
[EventRounds "9"]
[EventCountry "HUN"]
[SourceTitle "EXT 1999"]
[Source "ChessBase"]
[SourceDate "1998.11.16"]
[SourceVersion "1"]
[SourceVersionDate "1998.11.16"]
[SourceQuality "1"]

1. d4 g6 2. c4 Bg7 3. Nc3 d6 4. e4 Nd7 5. Be3 e5 6. Nge2 Ne7 7. Qd2 h6 8. f3 a6 9. d5 f5 10. Nc1 f4 11. Bf2 0-0 12. Nd3 c5 13. Be2 Kh7 14. a3 b6 15. b4 Ng8 16. g3 h5 17. g4 hxg4 18. fxg4 f3 19. Bd1 Bh6 20. Qb2 b5 21. cxb5 c4 22. Nc1 Rf4 23. Be3 Rxg4 24. Bxh6 Rg2 25. N1e2 Qh4+ 26. Kd2 Qxh6+ 27. Kc2 fxe2 28. Bxe2 axb5 29. Raf1 Ndf6 30. Kb1 Bg4 31. Re1 Qe3 32. h3 Bxe2 33. Nxe2 Rxa3 34. Nc3 Rxb2+ 35. Kxb2 Qxc3+ 0-1

[Event "Balatonalmadi op-A"]
[Site "Balatonalmadi"]
[Date "1996.??.??"]
[Round "8"]
[White "Dreyer, Andre"]
[Black "Lau, Udo"]
[Result "1/2-1/2"]
[WhiteElo "2005"]
[BlackElo "2240"]
[PlyCount "33"]
[EventDate "1996.08.??"]
[EventType "swiss"]
[EventRounds "9"]
[EventCountry "HUN"]
[SourceTitle "EXT 1999"]
[Source "ChessBase"]
[SourceDate "1998.11.16"]
[SourceVersion "1"]
[SourceVersionDate "1998.11.16"]
[SourceQuality "1"]

1. d4 Nf6 2. c4 e5 3. dxe5 Ng4 4. Bf4 Nc6 5. Nf3 Bb4+ 6. Nbd2 Qe7 7. e3 Ngxe5 8. Bxe5 Nxe5 9. Be2 0-0 10. 0-0 d6 11. Nb3 Re8 12. Qd4 Bf5 13. a3 Bc5 14. Nxc5 dxc5 15. Qxe5 Qxe5 16. Nxe5 Rxe5 17. Rfd1 1/2-1/2

[Event "Tuebingen-ch 55th"]
[Site "Tuebingen"]
[Date "1996.??.??"]
[Round "?"]
[White "Dreyer, Andre"]
[Black "Moser, Goetz"]
[Result "0-1"]
[WhiteElo "1930"]
[BlackElo "2070"]
[PlyCount "108"]
[EventDate "1996.??.??"]
[EventType "swiss"]
[EventRounds "9"]
[EventCountry "GER"]
[SourceTitle "EXT 1999"]
[Source "ChessBase"]
[SourceDate "1998.11.16"]
[SourceVersion "1"]
[SourceVersionDate "1998.11.16"]
[SourceQuality "1"]

1. d4 Nf6 2. Nf3 b6 3. g3 Bb7 4. Bg2 e6 5. 0-0 c5 6. c3 Qc7 7. dxc5 Qxc5 8. Qd4 Qh5 9. Qh4 Qxh4 10. Nxh4 Bxg2 11. Kxg2 Nc6 12. Nd2 d5 13. Nhf3 Bc5 14. Nb3 Ke7 15. Bg5 h6 16. Bxf6+ Kxf6 17. Nxc5 bxc5 18. b3 Rhd8 19. Rfd1 a5 20. a3 Rab8 21. Nd2 e5 22. e3 Ke6 23. Rab1 f5 24. f4 e4 25. Kf2 g5 26. h4 Rg8 27. hxg5 hxg5 28. Rh1 Rg6 29. Rbg1 d4 30. cxd4 cxd4 31. Rc1 Kd5 32. Rh5 dxe3+ 33. Kxe3 gxf4+ 34. Kxf4 Nd4 35. Rg1 Rc6 36. Rg2 Rc3 37. g4 Ne6+ 38. Kxf5 Ng7+ 39. Kg6+ Nxh5 40. Kxh5 Rh3+ 41. Kg6 e3 42. b4 axb4 43. axb4 Rxb4 44. Nf1 Ke4 45. Ra2 Rf3 46. Ra1 Rf2 47. g5 Kf3 48. Nxe3 Kxe3 49. Ra6 Rg4 50. Ra3+ Kf4 51. Ra4+ Kg3 52. Ra3+ Kh4 53. Kh6 Rfg2 54. Ra5 Rxg5 0-1

[Event "Boeblingen op 12th"]
[Site "Boeblingen"]
[Date "1995.??.??"]
[Round "?"]
[White "Dreyer, Andre"]
[Black "Fahnenschmidt, Gerhard"]
[Result "0-1"]
[WhiteElo "2155"]
[BlackElo "2405"]
[PlyCount "68"]
[EventDate "1995.12.??"]
[EventType "swiss"]
[EventRounds "9"]
[EventCountry "GER"]
[SourceTitle "EXT 2006"]
[Source "ChessBase"]
[SourceDate "2005.11.24"]
[SourceVersion "1"]
[SourceVersionDate "2005.11.24"]
[SourceQuality "1"]

1. Nf3 d5 2. g3 c6 3. Bg2 Bg4 4. 0-0 Nd7 5. d3 Ngf6 6. c3 e5 7. e4 dxe4 8. dxe4 Be7 9. h3 Bh5 10. Qc2 0-0 11. Nh4 Re8 12. Nf5 Bf8 13. Be3 Nc5 14. f3 Qc7 15. b4 Ne6 16. Nd2 Nd7 17. Rfd1 b5 18. a4 a6 19. Qa2 Nb6 20. a5 Na4 21. Rac1 f6 22. Bf1 Bf7 23. Qb1 g6 24. Nh4 c5 25. Ng2 cxb4 26. cxb4 Qe7 27. Nb3 Qxb4 28. Bd2 Qa3 29. Ne3 Ng5 30. Nd5 Nxf3+ 31. Kg2 Bxd5 32. exd5 Nxd2 33. Rxd2 Bh6 34. Ra2 Qd6 0-1

[Event "Boeblingen op 12th"]
[Site "Boeblingen"]
[Date "1995.??.??"]
[Round "?"]
[White "Ruzele, Darius"]
[Black "Dreyer, Andre"]
[Result "1-0"]
[WhiteElo "2505"]
[BlackElo "2155"]
[PlyCount "83"]
[EventDate "1995.12.??"]
[EventType "swiss"]
[EventRounds "9"]
[EventCountry "GER"]
[SourceTitle "EXT 2006"]
[Source "ChessBase"]
[SourceDate "2005.11.24"]
[SourceVersion "1"]
[SourceVersionDate "2005.11.24"]
[SourceQuality "1"]

1. d4 Nf6 2. c4 g6 3. Nc3 Bg7 4. e4 d6 5. Be2 0-0 6. Bg5 Nc6 7. d5 Ne5 8. Nf3 h6 9. Bf4 Nxf3+ 10. Bxf3 e5 11. Be3 Ne8 12. Qd2 Kh7 13. Be2 f5 14. exf5 gxf5 15. f4 e4 16. Bd4 Nf6 17. 0-0 Bd7 18. b4 c6 19. dxc6 bxc6 20. Rad1 Be6 21. Kh1 Qe7 22. Qc2 Rfd8 23. Qa4 Qb7 24. Qa5 Ne8 25. Na4 Qf7 26. Bxg7 Qxg7 27. Nc5 Qe7 28. Nb3 Qc7 29. Rd2 Rab8 30. Rfd1 Qxa5 31. Nxa5 Rdc8 32. a3 Kg7 33. h3 Kf6 34. Kh2 Rc7 35. g4 Rbc8 36. gxf5 Bxf5 37. Bh5 Bg6 38. Rxd6+ Nxd6 39. Rxd6+ Ke7 40. Rxg6 e3 41. Bg4 Kf7 42. Rxh6 1-0